[Event "FRA-ch Blitz Online Qual"]
[Site "Europe Echecs INT"]
[Date "2020.05.16"]
[Round "2"]
[White "Rigaud Retourne, Mael"]
[Black "Ogier, Arnaud"]
[Result "1-0"]
[WhiteElo "1103"]
[BlackElo "1569"]
[PlyCount "105"]
[EventDate "2020.05.16"]
[EventType "swiss (blitz)"]
[EventRounds "15"]
[EventCountry "FRA"]
[SourceTitle "CBM 196 Extra"]
[Source "ChessBase"]
[SourceDate "2020.07.31"]
[SourceVersion "1"]
[SourceVersionDate "2020.07.31"]
[SourceQuality "1"]

1. e4 c5 2. Nf3 Nc6 3. d4 cxd4 4. Nxd4 Nf6 5. Nc3 e5 6. Nf3 Bb4 7. Bd3 d5 8. exd5 Nxd5 9. Bd2 Bxc3 10. Bxc3 0-0 11. Qd2 f5 12. 0-0 Kh8 13. Bc4 Nxc3 14. Qxc3 Qf6 15. Rad1 Be6 16. Bxe6 Qxe6 17. Rfe1 e4 18. b3 Rad8 19. Rxd8 Rxd8 20. h3 Qd6 21. Ng5 Rd7 22. Qc4 Ne5 23. Qc3 h6 24. f4 Nc6 25. Nxe4 fxe4 26. Rxe4 Re7 27. Rxe7 Qxe7 28. Qf3 Qe1+ 29. Kh2 Qe6 30. Kg1 Qf5 31. c4 Qb1+ 32. Kh2 Qxa2 33. Qe3 Qc2 34. Qe8+ Kh7 35. Qe3 Qf5 36. g4 Qf6 37. Qe4+ Qg6 38. f5 Qf6 39. Kg3 Nd4 40. b4 Nc6 41. b5 Qe5+ 42. Qf4 Qxf4+ 43. Kxf4 Ne7 44. Ke5 Kg8 45. Kd6 Kf7 46. Kc7 b6 47. Kb7 Ke8 48. Kxa7 Kd7 49. Kxb6 Nc8+ 50. Ka6 Kc7 51. c5 Ne7 52. b6+ Kb8 53. b7 1-0

[Event "FRA-ch Blitz Online Qual"]
[Site "Europe Echecs INT"]
[Date "2020.05.16"]
[Round "12"]
[White "Rigaud Retourne, Mael"]
[Black "Stajkovski, Stephan"]
[Result "1/2-1/2"]
[WhiteElo "1103"]
[BlackElo "1428"]
[PlyCount "91"]
[EventDate "2020.05.16"]
[EventType "swiss (blitz)"]
[EventRounds "15"]
[EventCountry "FRA"]
[SourceTitle "CBM 196 Extra"]
[Source "ChessBase"]
[SourceDate "2020.07.31"]
[SourceVersion "1"]
[SourceVersionDate "2020.07.31"]
[SourceQuality "1"]

1. e4 c5 2. Nf3 Nc6 3. d4 cxd4 4. Nxd4 e5 5. Nb3 Nf6 6. Nc3 Bb4 7. Bd3 d5 8. exd5 Nxd5 9. Bd2 Bxc3 10. Bxc3 Nxc3 11. bxc3 0-0 12. 0-0 Be6 13. Rb1 f5 14. c4 Qe7 15. Re1 e4 16. Be2 Rad8 17. Qc1 Ne5 18. Qb2 Nxc4 19. Bxc4 Bxc4 20. Rbd1 Rde8 21. Qd4 Be6 22. Nc5 Bc8 23. Qb4 b6 24. Qc4+ Kh8 25. Nb3 f4 26. Nd2 e3 27. fxe3 fxe3 28. Nf3 Bg4 29. Rd3 Bxf3 30. Rdxe3 Qd7 31. gxf3 Rxe3 32. Rxe3 Qd1+ 33. Kg2 Qd2+ 34. Re2 Qg5+ 35. Kf2 Qf5 36. Re3 Qh3 37. Qf4 Rc8 38. Qc7 h6 39. Qxa7 Rxc2+ 40. Ke1 Qxh2 41. Qa8+ Kh7 42. Qe4+ Kg8 43. Qe8+ Kh7 44. Qe4+ Kh8 45. Qe8+ Kh7 46. Qe4+ 1/2-1/2